[Event "Ostravský koník 2014 - MÈR"]
[Site "Ostrava, CZE"]
[Date "2014.04.27"]
[Round "2"]
[White "Bartos, Jan"]
[Black "Splíchal, Stanislav"]
[Result "1/2-1/2"]
[WhiteElo "2232"]
[BlackElo "2125"]
[PlyCount "49"]

1. d4 d5 2. c4 e6 3. Nf3 Nf6 4. Nc3 Be7 5. Bf4 O-O 6. e3 Nbd7 7. Be2 c5 8. cxd5
Nxd5 9. Nxd5 exd5 10. dxc5 Nxc5 11. O-O Bg4 12. Be5 Qd7 13. Nd4 Bxe2 14. Qxe2
Rfd8 15. Rfd1 a6 16. Rac1 Rac8 17. Qf3 f6 18. Bg3 Bf8 19. h3 Ne4 20. Bh2 Rxc1
21. Rxc1 Rc8 22. Qd1 Rxc1 23. Qxc1 g6 24. Ne2 Nc5 25. Qd1 1/2-1/2

[Event "Ostravský koník 2014 - MÈR"]
[Site "Ostrava, CZE"]
[Date "2014.04.27"]
[Round "2"]
[White "Krajina, Ales"]
[Black "Dobes, Vojtech"]
[Result "1/2-1/2"]
[WhiteElo "2228"]
[BlackElo "2103"]
[PlyCount "109"]

1. e4 e5 2. f4 exf4 3. Nc3 Ne7 4. d4 Ng6 5. Nf3 Be7 6. Bc4 d6 7. O-O Be6 8. Bd3
Nd7 9. Ne2 O-O 10. Nxf4 Nxf4 11. Bxf4 c5 12. c3 Qb6 13. Rf2 Bg4 14. Qb3 cxd4
15. Qxb6 Nxb6 16. cxd4 Rac8 17. h3 Bh5 18. g4 Bg6 19. Rd1 Nd7 20. Re2 a6 21.
Bg3 Rfe8 22. Nh4 Bxh4 23. Bxh4 Nf8 24. Bg3 Ne6 25. d5 Nc5 26. Bxd6 Nxe4 27. Ba3
Nf6 28. d6 Bxd3 29. Rxe8+ Rxe8 30. Rxd3 Rd8 31. g5 Nd7 32. Rc3 f6 33. Rc7 b6
34. gxf6 gxf6 35. Kf2 Kf7 36. Ke3 Ke6 37. Kd4 Rg8 38. Rc6 h5 39. Ke4 h4 40. Kf4
Nc5 41. Bxc5 bxc5 42. Rxc5 Rg2 43. Ra5 Rxb2 44. Rxa6 Rg2 45. Ra3 Kxd6 46. Rd3+
Ke6 47. Re3+ Kd5 48. a3 Rf2+ 49. Rf3 Ra2 50. Rd3+ Kc4 51. Re3 Kd5 52. Rb3 Kc4
53. Rb4+ Kd5 54. Kf5 Rxa3 55. Rxh4 1/2-1/2

[Event "Ostravský koník 2014 - MÈR"]
[Site "Ostrava, CZE"]
[Date "2014.04.27"]
[Round "2"]
[White "Kozúsek, Daniel"]
[Black "Toman, Jaroslav"]
[Result "0-1"]
[WhiteElo "2098"]
[BlackElo "2220"]
[PlyCount "60"]

1. e4 c5 2. Nf3 Nc6 3. d4 cxd4 4. Nxd4 Nf6 5. Nc3 e5 6. Ndb5 d6 7. Bg5 a6 8.
Na3 Be6 9. Nc4 Rc8 10. Bxf6 Qxf6 11. Nb6 Rb8 12. Ncd5 Qd8 13. Bd3 g6 14. c3 Bh6
15. Qa4 O-O 16. Bxa6 Bxd5 17. Nxd5 Ra8 18. Qb5 Rxa6 19. Qxb7 Qa8 20. Qxa8 Rfxa8
21. a3 Ra4 22. O-O R8a7 23. Nf6+ Kh8 24. Rad1 Bf8 25. f4 Be7 26. fxe5 Nxe5 27.
Rd4 Bxf6 28. Rxf6 Rxd4 29. cxd4 Nc4 30. b3 Kg7 0-1

[Event "Ostravský koník 2014 - MÈR"]
[Site "Ostrava, CZE"]
[Date "2014.04.27"]
[Round "2"]
[White "Nguyen, Thai Dai Van"]
[Black "Kolár, Stanislav"]
[Result "1-0"]
[WhiteElo "2217"]
[BlackElo "2081"]
[PlyCount "81"]

1. e4 e6 2. d4 d5 3. Nc3 Nf6 4. e5 Nfd7 5. f4 c5 6. Nce2 Qb6 7. c3 Nc6 8. Nf3
Be7 9. g3 O-O 10. Bh3 a5 11. O-O c4 12. Kh1 Nd8 13. Qc2 f5 14. Be3 a4 15. Rg1
Kh8 16. g4 g6 17. a3 Ra5 18. Rg2 Rb5 19. Ng3 Nb8 20. Rag1 Na6 21. Bc1 Ra5 22.
Nf1 Nc7 23. Ne3 Ra6 24. Rg3 Ne8 25. gxf5 exf5 26. Nxd5 Qe6 27. Nxe7 Qxe7 28.
Bg2 Ng7 29. Ng5 Nh5 30. Rh3 h6 31. Nf3 Be6 32. Nh4 Bf7 33. d5 Be8 34. Be3 Kh7
35. Bf3 Ng7 36. Bd4 b5 37. Qf2 Nb7 38. Qg2 Na5 39. e6 Rf6 40. Rg3 Nb3 41. Nxg6
1-0

[Event "Ostravský koník 2014 - MÈR"]
[Site "Ostrava, CZE"]
[Date "2014.04.27"]
[Round "2"]
[White "Machýcek, Lubomír"]
[Black "Dostál, Radim"]
[Result "1-0"]
[WhiteElo "2210"]
[BlackElo "2043"]
[PlyCount "63"]

1. c4 c5 2. Nf3 Nc6 3. d4 cxd4 4. Nxd4 Nf6 5. Nc3 g6 6. e4 Bg7 7. Be3 Ng4 8.
Qxg4 Nxd4 9. Qd1 Ne6 10. Qd2 O-O 11. Be2 Qa5 12. Rc1 Nc5 13. f3 b6 14. O-O Bb7
15. Rfd1 e6 16. Qc2 f5 17. exf5 Rxf5 18. a3 Bxc3 19. Qxc3 Qxc3 20. Rxc3 Rf7 21.
Rd6 Kf8 22. Bd1 Ke7 23. Rd2 d6 24. Bg5+ Kd7 25. b4 Na6 26. Ba4+ Kc7 27. Bh4
Raf8 28. Rcd3 d5 29. Bg3+ Kc8 30. Rc3 Nc7 31. cxd5 Bxd5 32. Rdc2 1-0

[Event "Ostravský koník 2014 - MÈR"]
[Site "Ostrava, CZE"]
[Date "2014.04.27"]
[Round "2"]
[White "Maríková, Jana"]
[Black "Lys, Josef"]
[Result "1-0"]
[WhiteElo "2079"]
[BlackElo "2206"]
[PlyCount "133"]

1. d4 Nf6 2. c4 c5 3. d5 b5 4. cxb5 a6 5. b6 Qxb6 6. Nc3 d6 7. e4 g6 8. Nf3 Bg4
9. Be2 Bxf3 10. Bxf3 Nbd7 11. O-O Bg7 12. Qc2 O-O 13. Re1 Rfc8 14. Bf4 Ne8 15.
Bg4 Rc7 16. Bxd7 Rxd7 17. e5 Rb7 18. b3 Rc8 19. Na4 Qc7 20. Rac1 Rb4 21. Re4
dxe5 22. Be3 Rxe4 23. Qxe4 Nd6 24. Qd3 Qa5 25. Rxc5 Rxc5 26. Nxc5 Qxa2 27. Qxa6
Qb1+ 28. Qf1 Qb2 29. h3 f5 30. Qc1 Qa2 31. Bh6 Qa5 32. Ne6 Bf6 33. Qc6 e4 34.
b4 Qa1+ 35. Kh2 Be5+ 36. g3 Qa2 37. Qb6 Qa8 38. b5 Nf7 39. Qc6 Qb8 40. Be3 h6
41. b6 g5 42. Nc7 Nd6 43. Na6 Qf8 44. b7 Nxb7 45. Qe6+ Qf7 46. Qxe5 Nd6 47. Bd4
Kh7 48. Nc5 Kg6 49. Ne6 Qf6 50. Qxf6+ exf6 51. Nd8 f4 52. gxf4 gxf4 53. Bc5 Nc4
54. Kg2 Kf5 55. d6 Ne5 56. Nb7 Ke6 57. Bd4 Nc6 58. Bc3 f5 59. Bd2 f3+ 60. Kg3
Nd4 61. Bxh6 Ne2+ 62. Kh4 Kd7 63. Bf8 e3 64. Nc5+ Kc6 65. d7 exf2 66. d8=Q f1=Q
67. Qd7+ 1-0

[Event "Ostravský koník 2014 - MÈR"]
[Site "Ostrava, CZE"]
[Date "2014.04.27"]
[Round "2"]
[White "Jedlicka, Ales"]
[Black "Hladík, Lumír"]
[Result "1-0"]
[WhiteElo "2199"]
[BlackElo "2034"]
[PlyCount "59"]

1. d4 Nf6 2. c4 c5 3. d5 e6 4. Nc3 exd5 5. cxd5 d6 6. Nf3 g6 7. Nd2 a6 8. a4
Bg7 9. e4 O-O 10. Be2 Re8 11. O-O b6 12. Re1 Nfd7 13. Ra3 Nf8 14. Nc4 Bxc3 15.
bxc3 Rxe4 16. f3 Rxc4 17. Bxc4 Nbd7 18. Bf1 Bb7 19. c4 b5 20. axb5 axb5 21.
Rxa8 Qxa8 22. cxb5 Bxd5 23. Bf4 Ne6 24. Bxd6 Qb7 25. Qd2 c4 26. Qa5 c3 27. Rc1
Bxf3 28. gxf3 Qxf3 29. Qxc3 Qg4+ 30. Bg2 1-0

[Event "Ostravský koník 2014 - MÈR"]
[Site "Ostrava, CZE"]
[Date "2014.04.27"]
[Round "2"]
[White "Richterová, Natasa"]
[Black "Soural, Jan"]
[Result "1/2-1/2"]
[WhiteElo "2034"]
[BlackElo "2194"]
[PlyCount "102"]

1. e4 d6 2. d4 Nf6 3. Nc3 g6 4. Bc4 Bg7 5. Nge2 O-O 6. Bb3 e5 7. O-O Nc6 8. a3
Re8 9. dxe5 dxe5 10. Qxd8 Nxd8 11. Nb5 Re7 12. f3 Be6 13. Be3 Bxb3 14. cxb3 Nc6
15. b4 a6 16. Nbc3 Rd8 17. Rfd1 Red7 18. Rxd7 Rxd7 19. Kf2 Ne8 20. Rc1 Nd6 21.
Na4 b6 22. Rc2 Nb5 23. Nac3 Ncd4 24. Rd2 c5 25. Nd5 Rd6 26. bxc5 bxc5 27. b4
cxb4 28. axb4 f5 29. exf5 gxf5 30. Ndc3 Kf7 31. g4 fxg4 32. fxg4 Nxe2 33. Kxe2
Nd4+ 34. Bxd4 exd4 35. Ne4 Rb6 36. Ra2 Rxb4 37. Rxa6 Rb2+ 38. Nd2 Be5 39. Kd3
Bxh2 40. Nf3 Rb3+ 41. Ke2 d3+ 42. Kf2 Bf4 43. Ra4 Rb2+ 44. Kf1 Bg3 45. Ng5+ Kg6
46. Ne4 Rb1+ 47. Kg2 Be1 48. Ra6+ Kf7 49. Ra7+ Kg6 50. Ra6+ Kf7 51. Ra7+ Kg6
1/2-1/2

[Event "Ostravský koník 2014 - MÈR"]
[Site "Ostrava, CZE"]
[Date "2014.04.28"]
[Round "3"]
[White "Navara, David"]
[Black "Kislinsky, Alexey"]
[Result "1-0"]
[WhiteElo "2706"]
[BlackElo "2483"]
[PlyCount "95"]

1. e4 c5 2. Nf3 d6 3. d4 cxd4 4. Nxd4 Nf6 5. Nc3 g6 6. Be3 Bg7 7. f3 h5 8. Qd2
a6 9. Be2 Nbd7 10. a4 b6 11. Nd5 Bb7 12. c4 e6 13. Nxf6+ Bxf6 14. O-O e5 15.
Nb3 Nc5 16. Nxc5 dxc5 17. Qxd8+ Bxd8 18. a5 Rc8 19. axb6 Bxb6 20. b4 f5 21.
exf5 gxf5 22. f4 e4 23. Rfb1 Rc7 24. bxc5 Ba7 25. Kf2 h4 26. Rb6 Bxb6 27. cxb6
Rc8 28. c5 Kd7 29. Bc4 Rhd8 30. Ke2 Ra8 31. Bf2 Kc6 32. Bb3 Rd3 33. Bc2 Rg8 34.
Ra5 Kd7 35. Bxd3 exd3+ 36. Kxd3 Rxg2 37. Bxh4 Rxh2 38. Bf6 Rh3+ 39. Kc4 Re3 40.
Bd4 Re4 41. c6+ Kxc6 42. Rxf5 Kd6 43. Kc3 Ke7 44. Rc5 Kf7 45. Be5 Ke6 46. Rc7
Bd5 47. b7 Re3+ 48. Kd4 1-0

[Event "Ostravský koník 2014 - MÈR"]
[Site "Ostrava, CZE"]
[Date "2014.04.28"]
[Round "3"]
[White "Zilka, Stepan"]
[Black "Simacek, Pavel"]
[Result "0-1"]
[WhiteElo "2541"]
[BlackElo "2469"]
[PlyCount "74"]

1. d4 Nf6 2. c4 c5 3. d5 e6 4. Nc3 exd5 5. cxd5 Bd6 6. Nf3 O-O 7. g3 Re8 8. Bg2
Bc7 9. O-O d6 10. b3 a6 11. a4 Nbd7 12. Bb2 Rb8 13. Qc2 Ba5 14. Ng5 Nf8 15.
Rfd1 Bg4 16. f3 Bd7 17. Nh3 c4 18. bxc4 Qc8 19. Nf2 Qxc4 20. e4 Rec8 21. Rdc1
Bb6 22. Kh1 Be3 23. Bf1 Qc5 24. Nd3 Qa5 25. Rd1 Bd4 26. Ra3 Rc7 27. Qb3 Rbc8
28. Na2 Bxb2 29. Nxb2 Qc5 30. Nb4 Qf2 31. Nc4 a5 32. Ra2 Bxa4 33. Rxa4 Rxc4 34.
Nd3 Qxf3+ 35. Bg2 Qe2 36. Re1 Rc1 37. Ra1 Qxe1+ 0-1

[Event "Ostravský koník 2014 - MÈR"]
[Site "Ostrava, CZE"]
[Date "2014.04.28"]
[Round "3"]
[White "Krejci, Jan"]
[Black "Biolek, Richard"]
[Result "0-1"]
[WhiteElo "2518"]
[BlackElo "2418"]
[PlyCount "86"]

1. e4 e5 2. Nf3 Nc6 3. Bb5 a6 4. Ba4 Nf6 5. O-O Bc5 6. c3 b5 7. Bb3 O-O 8. d4
Bb6 9. Nxe5 Nxe5 10. dxe5 Nxe4 11. Bd5 Nxf2 12. Rxf2 c6 13. Bb3 Bxf2+ 14. Kxf2
Qh4+ 15. Kg1 Qe4 16. Nd2 Qxe5 17. Nf3 Qc7 18. Qd4 d5 19. Bf4 Qa7 20. a4 c5 21.
Qf2 Be6 22. Bc2 Qe7 23. Bg5 f6 24. Be3 Rfc8 25. h3 Rab8 26. Re1 bxa4 27. Bxa4
Qd6 28. Bc2 Kh8 29. b3 Rb7 30. Qh4 Bg8 31. Bf5 Re8 32. Qh5 Qd8 33. Kf2 d4 34.
cxd4 cxd4 35. Bxd4 Rxe1 36. Kxe1 Rxb3 37. Nh4 Qa5+ 38. Kf2 Qd2+ 39. Kf1 Bc4+
40. Kg1 Qxd4+ 41. Kh1 Qa1+ 42. Kh2 Qe5+ 43. Kh1 Rb1+ 0-1

[Event "Ostravský koník 2014 - MÈR"]
[Site "Ostrava, CZE"]
[Date "2014.04.28"]
[Round "3"]
[White "Kanovsky, David"]
[Black "Oral, Tomas"]
[Result "0-1"]
[WhiteElo "2416"]
[BlackElo "2515"]
[PlyCount "110"]

1. e4 c5 2. Nf3 e6 3. d4 cxd4 4. Nxd4 Nc6 5. Nc3 Qc7 6. Be3 a6 7. Qd2 b5 8.
O-O-O Nf6 9. Nxc6 Qxc6 10. f3 Bb7 11. Ne2 Bc5 12. Nd4 Qc7 13. Kb1 Rc8 14. Bd3
d5 15. Rhe1 dxe4 16. fxe4 O-O 17. Nf3 Bxe4 18. Bf4 Qb7 19. Bxe4 Nxe4 20. Qe2
Nf6 21. Be5 Be7 22. Rd3 Rfd8 23. Nd4 Rd5 24. Rg3 Rcc5 25. Nf3 Qd7 26. Bc3 Rc4
27. Qf1 Rxc3 28. bxc3 Ne4 29. Rxe4 Rd1+ 30. Qxd1 Qxd1+ 31. Kb2 b4 32. cxb4 Bf6+
33. c3 Qd3 34. Rd4 Bxd4 35. Nxd4 Qd2+ 36. Nc2 f5 37. c4 f4 38. Rc3 Qxg2 39. c5
Qc6 40. Nd4 Qc8 41. Nf3 Qc6 42. Nd4 Qc8 43. Nf3 g5 44. Nxg5 Qc6 45. Nf3 Kf8 46.
Nd4 Qg2+ 47. Rc2 Qe4 48. Nb3 Ke7 49. c6 Kd8 50. c7+ Kc8 51. Nc5 Qxb4+ 52. Kc1
Qa3+ 53. Kd1 Qf3+ 54. Kc1 Qe3+ 55. Kb2 f3 0-1

[Event "Ostravský koník 2014 - MÈR"]
[Site "Ostrava, CZE"]
[Date "2014.04.28"]
[Round "3"]
[White "Hába, Petr"]
[Black "Zwardon, Vojtech"]
[Result "1/2-1/2"]
[WhiteElo "2498"]
[BlackElo "2391"]
[PlyCount "114"]

1. e4 c5 2. Nf3 Nc6 3. d4 cxd4 4. Nxd4 e5 5. Nb5 a6 6. Nd6+ Bxd6 7. Qxd6 Qe7 8.
Qd1 Nf6 9. Nc3 d6 10. Bg5 Be6 11. Nd5 Bxd5 12. exd5 Nb8 13. c4 Nbd7 14. Be2 O-O
15. O-O Nc5 16. Bxf6 Qxf6 17. b4 Nd7 18. Bg4 Rfd8 19. Qb3 Qf4 20. Bxd7 Rxd7 21.
c5 Rc8 22. Rac1 Rdc7 23. g3 Qf6 24. Qa3 Qe7 25. c6 bxc6 26. Qxa6 Qd7 27. dxc6
Rxc6 28. Qb5 Kf8 29. a4 Ke7 30. Rxc6 Qxc6 31. Qxc6 Rxc6 32. a5 Rc4 33. Rb1 Kd7
34. b5 Kc8 35. b6 Kb8 36. Rd1 Rc6 37. Kg2 Kb7 38. Rd5 Ka6 39. h4 g6 40. Rb5 Rc8
41. Rd5 Rc6 42. g4 f6 43. f3 Rc2+ 44. Kf1 Rc6 45. Ke2 Rc2+ 46. Kd3 Rc1 47. Rb5
Rc8 48. b7 Rb8 49. Rb6+ Kxa5 50. Rxd6 Rxb7 51. Rxf6 Re7 52. Ke4 Kb4 53. Kd5 Kc3
54. Ra6 Kd3 55. Ra3+ Ke2 56. Ke4 Kf2 57. h5 Rf7 1/2-1/2

[Event "Ostravský koník 2014 - MÈR"]
[Site "Ostrava, CZE"]
[Date "2014.04.28"]
[Round "3"]
[White "Kraus, Tomas"]
[Black "Hracek, Zbynek"]
[Result "0-1"]
[WhiteElo "2326"]
[BlackElo "2633"]
[PlyCount "120"]

1. d4 Nf6 2. c4 e6 3. Nc3 Bb4 4. Qc2 d6 5. a3 Bxc3+ 6. Qxc3 Nbd7 7. Nf3 b6 8.
g3 Bb7 9. Bg2 O-O 10. O-O h6 11. Rd1 Be4 12. b3 c6 13. Nd2 Bxg2 14. Kxg2 d5 15.
cxd5 cxd5 16. Bb2 Rc8 17. Qd3 Nb8 18. Rac1 Qd7 19. e3 Nc6 20. Rc2 Ne7 21. Rdc1
Rxc2 22. Rxc2 Rc8 23. a4 Rxc2 24. Qxc2 Qc6 25. Qxc6 Nxc6 26. f3 Nd7 27. Ba3 f6
28. Kf2 Kf7 29. Ke2 h5 30. Kd3 e5 31. Nb1 f5 32. Bd6 e4+ 33. fxe4 fxe4+ 34. Ke2
g5 35. h3 Ke6 36. Ba3 a6 37. Kd2 b5 38. axb5 axb5 39. Kc3 Nf6 40. Nd2 Ne8 41.
Nf1 Nc7 42. Bf8 b4+ 43. Kd2 Kd7 44. Bh6 Ne6 45. h4 Ke7 46. hxg5 Kf7 47. Ke2 Kg6
48. Kf2 Ne7 49. Nh2 Nc6 50. Nf1 Ncd8 51. g4 h4 52. Kg2 Nf7 53. Kh2 Nfxg5 54.
Bxg5 Nxg5 55. Nd2 Nf3+ 56. Nxf3 exf3 57. e4 dxe4 58. d5 f2 59. Kg2 e3 60. d6
h3+ 0-1

[Event "Ostravský koník 2014 - MÈR"]
[Site "Ostrava, CZE"]
[Date "2014.04.28"]
[Round "3"]
[White "Rausis, Igors"]
[Black "Olsarova, Karolína"]
[Result "1-0"]
[WhiteElo "2578"]
[BlackElo "2279"]
[PlyCount "119"]

1. c4 Nf6 2. g3 c6 3. Bg2 d5 4. Nf3 Bg4 5. O-O e6 6. Qb3 Qb6 7. d3 Nbd7 8. Nc3
Be7 9. Be3 Qxb3 10. axb3 a6 11. h3 Bh5 12. g4 Bg6 13. Nh4 Rd8 14. f4 Nc5 15.
cxd5 Nxd5 16. Nxd5 cxd5 17. b4 Nd7 18. Nxg6 hxg6 19. Rfc1 Bxb4 20. Rc7 Ke7 21.
Rxb7 a5 22. Bd4 f6 23. e4 dxe4 24. dxe4 Rb8 25. Ra7 e5 26. fxe5 fxe5 27. Be3
Ra8 28. Bg5+ Ke6 29. Rxa8 Rxa8 30. Bf1 Rc8 31. Bd3 Nf6 32. Kf2 Ne8 33. Ke2 Nd6
34. Be3 Rh8 35. Rh1 Rc8 36. h4 Bc5 37. Bd2 Rf8 38. Rf1 Rb8 39. Rc1 Bd4 40. Bxa5
Rxb2+ 41. Rc2 Rxc2+ 42. Bxc2 Ke7 43. Bb4 Kd7 44. Ba4+ Ke7 45. Bb3 Bb2 46. Bd5
Kd7 47. Kd3 Bd4 48. Ke2 Bb2 49. g5 Bc1 50. Kf3 Bf4 51. Bg8 Nb5 52. Bf7 Nd4+ 53.
Kg4 Nc6 54. Bf8 Nd8 55. Bxg6 Ne6 56. Bb4 Nd4 57. Ba3 Be3 58. h5 Bf4 59. Bf8 Ne6
60. Bxg7 1-0

[Event "Ostravský koník 2014 - MÈR"]
[Site "Ostrava, CZE"]
[Date "2014.04.28"]
[Round "3"]
[White "Studnicka, Tomas"]
[Black "Babula, Vlastimil"]
[Result "1/2-1/2"]
[WhiteElo "2374"]
[BlackElo "2553"]
[PlyCount "127"]

1. d4 Nf6 2. c4 e6 3. Nc3 Bb4 4. Qc2 O-O 5. Nf3 c5 6. dxc5 Bxc5 7. Bg5 Be7 8.
e3 h6 9. Bh4 b6 10. Be2 Bb7 11. O-O d6 12. Rfd1 Nbd7 13. Nd4 a6 14. Bf3 Bxf3
15. Nxf3 Qc7 16. Nd2 b5 17. cxb5 axb5 18. Rdc1 Qb7 19. Nde4 b4 20. Nxf6+ Bxf6
21. Bxf6 Nxf6 22. Qb3 Rfb8 23. Ne2 Ne4 24. Nd4 Nc5 25. Qc4 Qa6 26. b3 e5 27.
Nf5 Qxc4 28. bxc4 Kf8 29. h3 g6 30. Nxd6 Rd8 31. Nb5 Rd2 32. Rcb1 Ra4 33. Nc7
Nd3 34. Nd5 Nxf2 35. Rxb4 Ra3 36. Rb3 Ra4 37. Nb6 Raxa2 38. Rxa2 Rxa2 39. Nd7+
Ke7 40. Nxe5 Ke6 41. Nf3 Ne4 42. Rb5 Kf6 43. Rb6+ Ke7 44. Ne5 h5 45. h4 Ra3 46.
Rb7+ Kf6 47. Nxf7 Rxe3 48. Nd8 Re1+ 49. Kh2 Rc1 50. Rf7+ Ke5 51. Nc6+ Kd6 52.
Na5 Ke6 53. Rf4 Ke5 54. Rf8 Ke6 55. Rc8 Nd2 56. Kg3 Kf5 57. Rf8+ Ke4 58. Rf6
Rh1 59. Re6+ Kf5 60. Re2 Ne4+ 61. Kf3 Rxh4 62. Rb2 Rf4+ 63. Ke3 Kg4 64. Kd4
1/2-1/2

[Event "Ostravský koník 2014 - MÈR"]
[Site "Ostrava, CZE"]
[Date "2014.04.28"]
[Round "3"]
[White "Kriebel, Tadeas"]
[Black "Cvek, Robert"]
[Result "1/2-1/2"]
[WhiteElo "2366"]
[BlackElo "2519"]
[PlyCount "24"]

1. e4 e6 2. d4 d5 3. Nc3 Bb4 4. exd5 exd5 5. Bd3 Nc6 6. Nge2 Nge7 7. O-O Bg4 8.
a3 Ba5 9. Be3 O-O 10. b4 Bb6 11. h3 Bf5 12. Na4 Qd7 1/2-1/2

[Event "Ostravský koník 2014 - MÈR"]
[Site "Ostrava, CZE"]
[Date "2014.04.28"]
[Round "3"]
[White "Lechtýnský, Jiri"]
[Black "Plat, Vojtech"]
[Result "1/2-1/2"]
[WhiteElo "2365"]
[BlackElo "2456"]
[PlyCount "39"]

1. d4 d6 2. Nf3 Bg4 3. c4 Nd7 4. Nc3 c6 5. g3 e5 6. Bg2 Ngf6 7. O-O Be7 8. h3
Bxf3 9. Bxf3 O-O 10. e3 Re8 11. d5 Qc7 12. e4 a5 13. Be3 Reb8 14. Rc1 Nc5 15.
Qe2 a4 16. Bxc5 dxc5 17. a3 Ne8 18. Qc2 Nd6 19. dxc6 Qxc6 20. Be2 1/2-1/2

[Event "Ostravský koník 2014 - MÈR"]
[Site "Ostrava, CZE"]
[Date "2014.04.28"]
[Round "3"]
[White "Rasik, Vítìzslav"]
[Black "Sikora, Jan"]
[Result "1-0"]
[WhiteElo "2456"]
[BlackElo "2188"]
[PlyCount "65"]

1. e4 c5 2. Nf3 d6 3. d4 cxd4 4. Nxd4 Nf6 5. Nc3 a6 6. Be3 e6 7. f3 b5 8. Qd2
Bb7 9. g4 Nfd7 10. O-O-O Nb6 11. Nb3 b4 12. Ne2 a5 13. Ng3 Be7 14. Nh5 g6 15.
Qd4 e5 16. Qxb6 Qxb6 17. Bxb6 gxh5 18. Nxa5 Ba6 19. Nc4 Nd7 20. Be3 hxg4 21.
Nxd6+ Bxd6 22. Rxd6 Bxf1 23. Rxf1 Ke7 24. Rfd1 Rhd8 25. fxg4 Rxa2 26. Kb1 Raa8
27. b3 Ke8 28. R1d5 f6 29. h3 Rac8 30. Kb2 Rb8 31. g5 Rb7 32. gxf6 Kf7 33. Bd2
1-0

[Event "Ostravský koník 2014 - MÈR"]
[Site "Ostrava, CZE"]
[Date "2014.04.28"]
[Round "3"]
[White "Kociscak, Jiri"]
[Black "Marek, Matyas"]
[Result "1-0"]
[WhiteElo "2434"]
[BlackElo "2110"]
[PlyCount "99"]

1. d4 Nf6 2. c4 g6 3. Nc3 Bg7 4. e4 d6 5. Nge2 O-O 6. Ng3 e5 7. d5 a5 8. Be2
Na6 9. h4 h5 10. Bg5 Qe8 11. Qd2 Bd7 12. Bh6 Ng4 13. Bxg4 Bxg4 14. f3 Bxh6 15.
Qxh6 Bd7 16. O-O-O f6 17. Nxh5 Qf7 18. Ng3 Qg7 19. Qxg7+ Kxg7 20. h5 g5 21.
Nf5+ Bxf5 22. exf5 Nc5 23. g4 b6 24. Kc2 Ra6 25. b3 Rfa8 26. Rb1 Kh6 27. Nb5
Rc8 28. Nc3 Rca8 29. Ne4 Nxe4 30. fxe4 R6a7 31. Kb2 a4 32. b4 a3+ 33. Kc3 Ra4
34. Rb3 R8a7 35. Kd3 Ra8 36. Rc1 R8a7 37. Rcc3 Ra8 38. Ke2 R8a7 39. Ke3 Kg7 40.
c5 bxc5 41. bxc5 dxc5 42. Rxc5 Rd4 43. Rb8 Rd1 44. Rc8 Re1+ 45. Kd3 Rd1+ 46.
Ke2 Ra1 47. R5xc7+ Rxc7 48. Rxc7+ Kf8 49. Rc2 Rb1 50. Rc8+ 1-0

[Event "Ostravský koník 2014 - MÈR"]
[Site "Ostrava, CZE"]
[Date "2014.04.28"]
[Round "3"]
[White "Adámek, Jiri"]
[Black "Konopka, Michal"]
[Result "1/2-1/2"]
[WhiteElo "2301"]
[BlackElo "2408"]
[PlyCount "56"]

1. d4 Nf6 2. c4 g6 3. g3 Bg7 4. Bg2 d5 5. Nc3 dxc4 6. Qa4+ Nfd7 7. Nf3 Nc6 8.
Qxc4 Nb6 9. Qb5 a6 10. Qb3 O-O 11. e3 Be6 12. Qd1 Qc8 13. b3 Bh3 14. O-O Rd8
15. Bxh3 Qxh3 16. Qe2 e5 17. dxe5 Nxe5 18. Nxe5 Bxe5 19. Bb2 Qe6 20. Rad1 c6
21. Rxd8+ Rxd8 22. Rd1 Rxd1+ 23. Nxd1 Nd5 24. Ba3 Bg7 25. Qd3 h5 26. e4 Nf6 27.
f3 Nd7 28. Qd6 Qxd6 1/2-1/2

[Event "Ostravský koník 2014 - MÈR"]
[Site "Ostrava, CZE"]
[Date "2014.04.28"]
[Round "3"]
[White "Stocek, Jiri"]
[Black "Vacek, Antonín"]
[Result "1-0"]
[WhiteElo "2540"]
[BlackElo "2053"]
[PlyCount "49"]

1. d4 Nf6 2. Nf3 d5 3. c4 c6 4. Nc3 g6 5. h4 dxc4 6. e4 Bg4 7. Bxc4 Bxf3 8.
gxf3 b5 9. Bb3 b4 10. Ne2 Nbd7 11. Be3 Bg7 12. Rc1 Rc8 13. Nf4 e5 14. Bxf7+
Kxf7 15. Qb3+ Nd5 16. exd5 exf4 17. dxc6+ Kf6 18. Bxf4 Kf5 19. Bg5 Qe8+ 20. Kd2
Ne5 21. dxe5 Rd8+ 22. Bxd8 Qxd8+ 23. Kc2 Qc7 24. Kb1 Bxe5 25. Rhd1 1-0

[Event "Ostravský koník 2014 - MÈR"]
[Site "Ostrava, CZE"]
[Date "2014.04.28"]
[Round "3"]
[White "Petr, Martin"]
[Black "Firt, Stanislav"]
[Result "1-0"]
[WhiteElo "2529"]
[BlackElo "2253"]
[PlyCount "71"]

1. e4 c6 2. Nc3 d5 3. Nf3 dxe4 4. Nxe4 Nf6 5. Nxf6+ exf6 6. d4 Bd6 7. Bd3 O-O
8. Be3 Bf5 9. O-O Bxd3 10. Qxd3 Nd7 11. c4 Re8 12. Rfd1 Qc7 13. g3 Rad8 14. c5
Bf8 15. b4 Nb8 16. Qb3 Rd5 17. b5 Qd7 18. Rab1 g5 19. bxc6 bxc6 20. Re1 Na6 21.
Qa4 Qc8 22. Rb3 Rd7 23. Reb1 h6 24. h4 Re4 25. Qa5 Be7 26. Kg2 Bd8 27. Qc3 Nc7
28. Rb8 Qa6 29. Qc2 Ree7 30. hxg5 Nd5 31. Re1 Nxe3+ 32. fxe3 fxg5 33. Ne5 Rd5
34. Rf1 Rexe5 35. dxe5 Qa5 36. Rd1 1-0

[Event "Ostravský koník 2014 - MÈR"]
[Site "Ostrava, CZE"]
[Date "2014.04.28"]
[Round "3"]
[White "Holemar, David"]
[Black "Jansa, Vlastimil"]
[Result "0-1"]
[WhiteElo "2269"]
[BlackElo "2455"]
[PlyCount "62"]

1. d4 d6 2. Nc3 Nf6 3. e4 g6 4. Be3 Bg7 5. h3 O-O 6. Nf3 b6 7. Qd2 Bb7 8. d5 c6
9. Be2 Nbd7 10. Rd1 Nc5 11. dxc6 Bxc6 12. Nd4 Bxe4 13. Nxe4 Ncxe4 14. Qc1 Rc8
15. Ba6 Rc5 16. b4 Rc3 17. Nb5 Qa8 18. O-O Rc6 19. Nd4 Rc7 20. Nb5 Rd7 21. f3
Ng3 22. Rfe1 Nd5 23. Bf2 Nxb4 24. Qa3 Nxa6 25. Qxa6 Nh5 26. Re4 Qc8 27. Qxc8
Rxc8 28. Ra4 Rxc2 29. Nxa7 Be5 30. Bxb6 Nf4 31. Bf2 Ne2+ 0-1

[Event "Ostravský koník 2014 - MÈR"]
[Site "Ostrava, CZE"]
[Date "2014.04.28"]
[Round "3"]
[White "Blatný, Pavel"]
[Black "Vrana, Frantisek"]
[Result "1/2-1/2"]
[WhiteElo "2418"]
[BlackElo "2245"]
[PlyCount "106"]

1. e4 d5 2. exd5 Qxd5 3. Nc3 Qa5 4. Nf3 Nf6 5. d4 Bf5 6. Bd2 c6 7. Bc4 Nbd7 8.
Nd5 Qd8 9. Nxf6+ Nxf6 10. c3 e6 11. a4 Bd6 12. Qe2 Qc7 13. h3 h6 14. O-O Nd5
15. Ne5 Bxe5 16. dxe5 Nb6 17. Bb3 Rd8 18. Rfd1 O-O 19. Bf4 Rxd1+ 20. Rxd1 Rd8
21. g4 Bg6 22. Rd6 Nc8 23. Rd2 Nb6 24. Qd1 Rxd2 25. Qxd2 Nd5 26. Bg3 Qb6 27.
Bd1 Qc5 28. h4 Qc4 29. h5 Qd3 30. Qe2 Be4 31. Qxd3 Bxd3 32. a5 Kf8 33. f4 Ne3
34. Bf3 a6 35. Bf2 Nd5 36. Bg3 Ne3 37. Kf2 Nd5 38. Ke1 Ke8 39. Kd2 Bh7 40. c4
Nb4 41. Kc3 Nd3 42. b4 Kd7 43. Bd1 c5 44. Bc2 Nc1 45. Bxh7 Ne2+ 46. Kd3 Nxg3
47. b5 f5 48. bxa6 bxa6 49. gxf5 Nxf5 50. Ke4 Ng3+ 51. Kf3 Nf5 52. Bxf5 exf5
53. Kg3 Ke7 1/2-1/2

[Event "Ostravský koník 2014 - MÈR"]
[Site "Ostrava, CZE"]
[Date "2014.04.28"]
[Round "3"]
[White "Voloshin, Leonid"]
[Black "Folk, Petr"]
[Result "0-1"]
[WhiteElo "2391"]
[BlackElo "2229"]
[PlyCount "146"]

1. c4 Nf6 2. Nc3 d6 3. g3 g6 4. Bg2 Bg7 5. d4 O-O 6. Nf3 Nc6 7. O-O Rb8 8. Re1
e5 9. d5 Ne7 10. c5 Ne8 11. cxd6 Nxd6 12. e4 Re8 13. b3 c6 14. Ba3 Nb5 15. Nxb5
cxb5 16. h3 f6 17. d6 Nc6 18. Qd5+ Be6 19. Qxb5 a6 20. Qc5 Rc8 21. Rad1 Bf8 22.
Qe3 Qd7 23. Bf1 b5 24. Rd2 Red8 25. Red1 Qb7 26. Bc5 h5 27. Bb6 Rd7 28. Bc7 Kh7
29. Qc3 Nd8 30. Re2 Bxd6 31. Red2 Rcxc7 32. Qe3 Bf8 33. Rxd7+ Rxd7 34. Rxd7+
Bxd7 35. Nd2 Ne6 36. Qd3 Bc5 37. Bg2 Bd4 38. Qc2 Qc6 39. Qxc6 Bxc6 40. Kf1 Kg7
41. Ke2 Nc5 42. f3 b4 43. Kd1 Bb5 44. Bf1 Bxf1 45. Nxf1 f5 46. exf5 gxf5 47.
Nd2 Kf6 48. Nc4 e4 49. Ke2 Nd3 50. fxe4 fxe4 51. Nd6 Nc1+ 52. Kd2 Nxa2 53.
Nxe4+ Ke5 54. Ng5 Bf2 55. g4 h4 56. Ke2 Bg3 57. Kd3 Kd5 58. Nh7 Nc1+ 59. Kc2
Ne2 60. Nf6+ Kd4 61. g5 Nf4 62. Ng4 Ke4 63. Kd2 Kf5 64. Ne3+ Kxg5 65. Nc2 a5
66. Ke3 Nxh3 67. Kf3 Ng1+ 68. Kg2 Ne2 69. Kf3 Nc1 70. Nd4 Kf6 71. Kg4 Bf2 72.
Nb5 Nxb3 73. Nd6 Ke5 0-1

[Event "Ostravský koník 2014 - MÈR"]
[Site "Ostrava, CZE"]
[Date "2014.04.28"]
[Round "3"]
[White "Kuba, Jindrich"]
[Black "Hausner, Ivan"]
[Result "1/2-1/2"]
[WhiteElo "2239"]
[BlackElo "2370"]
[PlyCount "71"]

1. e4 c5 2. Nf3 d6 3. d4 cxd4 4. Nxd4 Nf6 5. Nc3 a6 6. Bg5 e6 7. f4 Be7 8. Qf3
Qc7 9. O-O-O O-O 10. Be2 b5 11. Qg3 b4 12. Bh6 Ne8 13. Nb1 Bb7 14. Bf3 Nd7 15.
Rhe1 Rc8 16. Re2 Nc5 17. e5 Kh8 18. Bxb7 Qxb7 19. Bg5 f6 20. exf6 Nxf6 21. Qf3
Qxf3 22. gxf3 h6 23. Bh4 Nd5 24. Bxe7 Nxe7 25. Nxe6 Nxe6 26. Rxe6 Nf5 27. Re4
a5 28. a3 bxa3 29. Nxa3 Rc5 30. c3 Rf6 31. Nc2 Rg6 32. Nd4 Rg2 33. Rd2 Rxd2 34.
Kxd2 Nxd4 35. Rxd4 Rh5 36. Rxd6 1/2-1/2